000 00409pab a2200181 454500
008 180718b2002 xxu||||| |||| 00| 0 eng d
100 _aNair, G. Ravindran
245 _aHarvesting of rain water
260 _c2002
300 _ap.34-36.
362 _aSep
650 _aWater harvesting
650 _aHarvesting
650 _aRain
650 _aWater supply
773 _aKurukshetra
909 _a53745
999 _c53745
_d53745